00481nam a2200157Ia 45000030006000000080041000060400015000471000036000622450042000982600009001405460012001499420012001619990017001730050017001909520116002070STCL150530s9999 xx 000 0 und d aSTCLcSTCL aMukherjee, D.P.; Banerjee, G.C. aGenetics and breeding of farm animals c1980 aEnglish 2ddccBK c37381d3738120220125170419.0 00102ddc4070aSTCALbSTCALcGENd2015-05-30g28.00l0o590.1-324p27012r2015-05-30 00:00:00w2015-05-30yBK